000 01045cab a2200289 4500
001 ABS47877
008 090401t1993 xxu||||| |||| 00| 0 eng d
035 _a(Sirsi) u63837
041 _aeng
245 _aCity of London Corporation v Fell; Herbert Duncan Ltd v Cluttons
260 _c1993
350 _a0
490 _aEstates Gazette
_v(1993) 04 EG 115-119 (4)
520 _aCA 25 November 1992. It was held in these two cases heard together that the original tenant was not liable for rent during the continuation of the tenancy, when the tenant remained in possession under Landlord and Tenant Act 1954 Part II after the contractual term of the tenancy ended.
650 _aARREARS
650 _aASSIGNMENT
650 _aBUSINESS TENANCIES
650 _aCONTINUATION OF TENANCY
650 _aCONTINUATION TENANCY
650 _aCONTRACTUAL RENT
650 _aLIABILITY
650 _aORIGINAL TENANT
650 _aRENT
690 _aLANDLORD AND TENANT-CASE LAW-BUSINESS TENANCIES
942 _n0
948 _c04/03/1997
999 _c39713
_d39713